Responses for Show #1969 - Thursday, March 11, 1993

Contestants

[<< previous game]

Brian McCarthy, a civil engineer originally from Cranston, Rhode Island

Michael Kane, a business owner from Chicago, Illinois

John Abrams, a farmer from Tabernacle, New Jersey (whose 2-day cash winnings total $15,000)

[next game &gt;&gt;]

Jeopardy! Round responses

PLANT PESTS
HIEROGLYPHICS
QUOTES
GREEN THINGS
HISTORIC SITES
"GOOD" MOVIES
    $100 5
webs

Triple Stumper
    $100 1
A

Michael
    $100 10
The Who

Brian
    $100 6
green eggs

Brian
    $100 2
the Revolutionary War

John
    $100 26
Good Morning, Vietnam

John
    $200 19
corn

Brian
    $200 15
the Sun

John
    $200 11
Conrad

John
    $200 7
on the other side (of the fence)

John
    $200 3
Mexico

John
    $200 27
The Good, the Bad and the Ugly

Brian
    $300 22
the beetle

John
    $300 16
Greek

Michael
    $300 12
Mussolini

John
    $300 20
the eye

Michael
    $300 4
Pocahontas

Brian
    $300 28
Goodbye, Mr. Chips

Michael
    $400 23
nicotine

Triple Stumper
    $400 17
the 19th

Michael
    $400 13
(Brian: What is, uh, better? [Slight pause] All the time?)

better and better

MichaelBrian
    $400 21
the shamrock

John
    $400 8
Devil's Island

Michael
    $400 29
The Good Earth

Michael
    $500 24
caterpillars

Triple Stumper
    $500 18
rebuses

John
    $500 14
wildcats

Triple Stumper
    $500 25
fireworks

John
    $400 9
Scotland

Michael
    $500 30
Goodbye, Columbus

Michael

Scores at the first commercial break (after clue 14):

John Michael Brian
$1,000 $1,300 $100

Scores at the end of the Jeopardy! Round:

John Michael Brian
$3,000 $3,500 $500

Double Jeopardy! Round responses

POLITICIANS
BIOGRAPHIES
ITALIAN CUISINE
BALLET
WORLD GEOGRAPHY
PLAYS & PLAYWRIGHTS
    $200 3
Bill Bradley

Michael
    $200 9
Lee Harvey Oswald

John
    $200 14
mushrooms

Brian
    $200 26
Swan Lake

Brian
    $200 18
Hiroshima

Michael
    $200 1
The Odd Couple

Brian
    $400 4
Cuba

Michael
    $400 11
Frank Sinatra

John
    $400 15
Florence

John
    $400 27
Sousa

Michael
    $400 19
the Persian Gulf

Brian
    $400 2
Noël Coward

John
    $600 6
Ted Kennedy

Michael
    $600 13
(Carl) Sagan

Brian
    $600 20
the mouth

Michael
    $600 28
(Brian: What is the Bolshoi?)

the Kirov

JohnBrian
    $600 22
aluminum

Brian
    $600 5
(William) Inge

John
    $800 10
Newt Gingrich

Michael
    $800 16
the Luces

Michael
    $800 21
(Brian: What is octopus?)

cuttlefish

Brian
Triple Stumper
    $1,000 29
Nijinsky

John
    $800 24
Colombia

Brian
    $800 7
(Henrik) Ibsen

Brian
    $1000 12
Barbara Mikulski

John
    $1000 17
James Baldwin

Michael
    $1000 23
Gorgonzola

Brian
    $1000 30
the Stuttgart Ballet

Triple Stumper
    $3,000 25
K2 (Godwin-Austen)

Brian
    $1000 8
Mourning Becomes Electra

Michael

Scores at the end of the Double Jeopardy! Round:

John Michael Brian
$7,600 $9,500 $6,900

[wagering suggestions for these scores]

Final Jeopardy! Round responses

POPULATION
BrianWhat is Los Angeles
$6,000
JohnWhat is Orange County? [Perhaps a crown drawn at the upper right corner?]
$7,600
MichaelWhat is Los Angeles
$6,500
Los Angeles County

Final scores:

John Michael Brian
$0 $16,000 $12,900
3rd place: Krieger watch + Jeopardy! home game or computerized version New champion: $16,000 2nd place: Insight 386X PC + Panasonic fax machine & personal stereo cassette player + Jeopardy! home game or computerized version

Game dynamics:

Coryat scores:

John Michael Brian
$7,400 $9,600 $4,900
19 R
(including 1 DD),
0 W
20 R
(including 1 DD),
0 W
15 R
(including 1 DD),
3 W

Combined Coryat: $21,900

[game clues] [game scores] [suggest correction]

Game tape date: 1992-11-17
The J! Archive is created by fans, for fans. Scraping, republication, monetization, and malicious use prohibited; this site may use cookies and collect identifying information. See terms. The Jeopardy! game show and all elements thereof, including but not limited to copyright and trademark thereto, are the property of Jeopardy Productions, Inc. and are protected under law. This website is not affiliated with, sponsored by, or operated by Jeopardy Productions, Inc. Join the discussion at JBoard.tv.